MDQL
is popping MORE tags! Check the
thread
!
Quizzes
Events
Quiz Creation
Community
Videos
Private Events
Remove Ads
Sign In
Join for FREE
Feedback
Dark Mode
Quiz Categories
Sports
Geography
Music
Movies
Television
Just For Fun
Miscellaneous
History
Literature
Language
Science
Gaming
Entertainment
Religion
Holiday
For Kids
Quiz Lab
Recent
Popular Today
Quiz Kudos Today
Editor Picks
Curator Picks
Quizzes by...
Day
Popularity
Type
Ratings
Length
Year
Community
Subscriptions
Recent Discussions
Orange Saloon
Badges
Playlists
Quests
Create
Leaderboards
Showdown
Live 5
Trivia Bingo
Activity
Puzzle Library
Sporcle Events
Private Events
Virtual Trivia
Globe League
Become a Host
Pub Owners
SporcleCon
Opinionation
Our Games
Videos
Blog
Mobile Apps
Partnerships
Remove Ads and Go Orange
Feedback
Sports
Athletes
MLB
NBA
NHL
NFL
Soccer
Sports Teams
WWE
NCAA
Football
Premier League
Basketball
Baseball
Hockey
Golf
Tennis
Cricket
Rugby
Auto Racing
Olympics
World Cup
Sports
Athletes
MLB
NBA
NHL
NFL
Soccer
Sports Teams
WWE
NCAA
Football
Premier League
Basketball
Baseball
Hockey
Golf
Tennis
Cricket
Rugby
Auto Racing
Olympics
World Cup
Random Quiz
Search Sporcle
×
Quiz Lab
Quiz Lab
Sports
bat
Type in answers that appear in a list
Type in answers that appear in a list
Classic
Best Score? Go Orange.
Team Average Leaders (NL - 00s) Stats
Can you name the Can you name the team leaders in batting average for each of the last 10 years (min. 300 at bats)? ?
By
br_tremblay
15m
160 Questions
362 Plays
362 Plays
362 Plays
Comments
Comments
Give Quiz Kudos
Give Quiz Kudos
-
- Ratings
hide this ad
Replay
Link that replays current quiz
Next Quiz
Link to next quiz in quiz playlist
You Got
0%
They Got
Avg Score
59%
Avg Friend Score
Upgrade to see
Score Distribution
Jump to the score distribution portion of the page
Score
0/160
Timer
15:00
0
Plays Today
Team
Player
% Correct
ATLANTA
Chipper Jones
99.2%
ATLANTA
Chipper Jones
99.2%
ATLANTA
Chipper Jones
99.2%
ATLANTA
Chipper Jones
99.2%
ATLANTA
Chipper Jones
99.2%
PITTSBURGH
Garrett Jones
99.2%
CHICAGO
Aramis Ramirez
98.9%
CHICAGO
Aramis Ramirez
98.9%
FLORIDA
Hanley Ramirez
98.9%
FLORIDA
Hanley Ramirez
98.9%
FLORIDA
Hanley Ramirez
98.9%
COLORADO
Todd Helton
97.5%
COLORADO
Todd Helton
97.5%
COLORADO
Todd Helton
97.5%
COLORADO
Todd Helton
97.5%
COLORADO
Todd Helton
97.5%
CHICAGO
Derrek Lee
97.2%
CHICAGO
Derrek Lee
97.2%
HOUSTON
Carlos Lee
97.2%
ARIZONA
Luis Gonzalez
96.1%
SAN DIEGO
Adrian Gonzalez
96.1%
SAN DIEGO
Adrian Gonzalez
96.1%
ST. LOUIS
Albert Pujols
95.3%
ST. LOUIS
Albert Pujols
95.3%
ST. LOUIS
Albert Pujols
95.3%
ST. LOUIS
Albert Pujols
95.3%
ST. LOUIS
Albert Pujols
95.3%
ST. LOUIS
Albert Pujols
95.3%
ST. LOUIS
Albert Pujols
95.3%
ST. LOUIS
Albert Pujols
95.3%
ST. LOUIS
Albert Pujols
95.3%
MILWAUKEE
Ryan Braun
94.2%
MILWAUKEE
Ryan Braun
94.2%
HOUSTON
Lance Berkman
93.4%
HOUSTON
Lance Berkman
93.4%
HOUSTON
Lance Berkman
93.4%
PHILADELPHIA
Chase Utley
92%
SAN FRANCISCO
Barry Bonds
91.4%
SAN FRANCISCO
Barry Bonds
91.4%
SAN FRANCISCO
Barry Bonds
91.4%
SAN FRANCISCO
Barry Bonds
91.4%
NEW YORK
David Wright
88.7%
NEW YORK
David Wright
88.7%
CINCINNATI
Joey Votto
81.5%
CINCINNATI
Joey Votto
81.5%
COLORADO
Matt Holliday
81.2%
COLORADO
Matt Holliday
81.2%
NEW YORK
Carlos Beltran
80.1%
LOS ANGELES
Jeff Kent
79.8%
COLORADO
Larry Walker
79%
COLORADO
Larry Walker
79%
LOS ANGELES
Andre Ethier
78.7%
LOS ANGELES
Andre Ethier
78.7%
FLORIDA
Miguel Cabrera
77.6%
Team
Player
% Correct
FLORIDA
Miguel Cabrera
77.6%
LOS ANGELES
Jolbert Cabrera
77.6%
SAN FRANCISCO
Pablo Sandoval
76.5%
PHILADELPHIA
Shane Victorino
76.2%
PHILADELPHIA
Shane Victorino
76.2%
WASHINGTON /
MONTREAL
Vladimir Guerrero
76.2%
WASHINGTON /
MONTREAL
Vladimir Guerrero
76.2%
WASHINGTON /
MONTREAL
Vladimir Guerrero
76.2%
ARIZONA
Justin Upton
74%
PHILADELPHIA
Ryan Howard
73.8%
CHICAGO
Sammy Sosa
73.2%
CHICAGO
Sammy Sosa
73.2%
CHICAGO
Sammy Sosa
73.2%
NEW YORK
Jason Phillips
72.9%
NEW YORK
Mike Piazza
70.2%
ATLANTA
Gary Sheffield
69.6%
LOS ANGELES
Gary Sheffield
69.6%
MILWAUKEE
Alex Sanchez
69.1%
PITTSBURGH
Freddy Sanchez
69.1%
PITTSBURGH
Freddy Sanchez
69.1%
PITTSBURGH
Brian Giles
68%
PITTSBURGH
Brian Giles
68%
SAN DIEGO
Brian Giles
68%
SAN DIEGO
Brian Giles
68%
CINCINNATI
Ken Griffey
66.9%
ATLANTA
Brian McCann
66%
FLORIDA
Juan Pierre
65.5%
LOS ANGELES
Juan Pierre
65.5%
WASHINGTON /
MONTREAL
Dmitri Young
61.9%
FLORIDA
Luis Castillo
61.6%
FLORIDA
Luis Castillo
61.6%
WASHINGTON /
MONTREAL
Nick Johnson
59.4%
WASHINGTON /
MONTREAL
Nick Johnson
59.4%
LOS ANGELES
Shawn Green
58.3%
HOUSTON
Moises Alou
58%
HOUSTON
Moises Alou
58%
NEW YORK
Moises Alou
58%
SAN FRANCISCO
Moises Alou
58%
HOUSTON
Hunter Pence
57.5%
WASHINGTON /
MONTREAL
Jose Vidro
56.9%
PHILADELPHIA
Bobby Abreu
52.5%
PHILADELPHIA
Bobby Abreu
52.5%
PHILADELPHIA
Bobby Abreu
52.5%
SAN DIEGO
Al Martin
52.5%
LOS ANGELES
Adrian Beltre
50.6%
ARIZONA
Conor Jackson
48.9%
CHICAGO
Ryan Theriot
48.1%
MILWAUKEE
Geoff Jenkins
48.1%
LOS ANGELES
James Loney
47.2%
PITTSBURGH
Jason Kendall
47%
PITTSBURGH
Jason Kendall
47%
PITTSBURGH
Jason Kendall
47%
SAN FRANCISCO
Rich Aurilia
42.3%
COLORADO
Garrett Atkins
41.2%
Team
Player
% Correct
ST. LOUIS
Placido Polanco
40.9%
LOS ANGELES
Paul Lo Duca
40.3%
NEW YORK
Paul Lo Duca
40.3%
CINCINNATI
Sean Casey
37.8%
CINCINNATI
Sean Casey
37.8%
PITTSBURGH
Sean Casey
37.8%
WASHINGTON /
MONTREAL
Cristian Guzman
37.8%
SAN DIEGO
Ryan Klesko
35.4%
HOUSTON
Richard Hidalgo
34.8%
SAN DIEGO
Phil Nevin
32.9%
HOUSTON
Miguel Tejada
32.6%
MILWAUKEE
Brady Clark
31.2%
PHILADELPHIA
Marlon Anderson
30.4%
NEW YORK
Edgardo Alfonzo
28.5%
CINCINNATI
Austin Kearns
28.2%
PHILADELPHIA
Kenny Lofton
27.9%
ARIZONA
Orlando Hudson
26.5%
ARIZONA
Orlando Hudson
26.5%
PHILADELPHIA
Mike Lieberthal
26%
SAN FRANCISCO
Randy Winn
26%
SAN FRANCISCO
Randy Winn
26%
FLORIDA
Cliff Floyd
25.4%
ARIZONA
Chad Tracy
25.1%
MILWAUKEE
Mark Loretta
24%
SAN DIEGO
Mark Loretta
24%
SAN DIEGO
Mark Loretta
24%
WASHINGTON /
MONTREAL
Nyjer Morgan
22.9%
NEW YORK
Kazuo Matsui
20.7%
MILWAUKEE
Ray Durham
20.2%
ATLANTA
Matt Diaz
19.3%
ATLANTA
Matt Diaz
19.3%
SAN FRANCISCO
Ellis Burks
18.5%
CINCINNATI
Jose Guillen
16%
PITTSBURGH
Xavier Nady
16%
MILWAUKEE
Scott Podsednik
14.9%
CHICAGO
Mark Grudzielanek
12.2%
MILWAUKEE
Lyle Overbay
12.2%
ATLANTA
Johnny Estrada
11.3%
MILWAUKEE
Johnny Estrada
11.3%
CHICAGO
Michael Barrett
10.5%
ARIZONA
Shea Hillenbrand
6.6%
CINCINNATI
Scott Hatteberg
5.2%
FLORIDA
Kevin Millar
5%
WASHINGTON /
MONTREAL
Juan Rivera
3.9%
ARIZONA
Alex Cintron
3.3%
NEW YORK
Desi Relaford
3%
SAN DIEGO
Josh Bard
2.5%
CINCINNATI
Chris Stynes
1.7%
ARIZONA
Quiton McCracken
1.4%
ARIZONA
Greg Colbrunn
1.1%
CINCINNATI
Norris Hopper
0.6%
HOUSTON
Jose Vizcaino
0%
Quiz Playlist
Details
Report
Send in Message
Add To Playlist
Classic:
Type in answers that appear in a list
Last Updated: Feb 16, 2017
Quiz Scoreboard
CHALLENGE
Sign Up to Join the Scoreboard
Show All
Scores
Hide
Comments
May contain spoilers
Recently Published
5x2 Blitz: Bands
by SL_Kpop136
Music
30s
Colored Red Africa Blitz
by spor1
Geography
30s
Find the 'City' Movie
by crazypaving
Movies
60s
More to Explore
Quiz From the Vault
Featured Blog Post
14 Easter Pick-up Lines to Find Eggs With
hide this ad
You Might Also Like...
Tags
2000s
300
Average
bat
Batting
last
minimum
Player
team
Today's Top Quizzes in Sports
Browse Sports
hide this ad
Today's Top Quizzes in bat
Browse bat
Top Contributed Quizzes in Sports
1
Les entraîneurs de l'OM et du PSG au 21e siècle
2
Les meilleurs buteurs des matchs entre le PSG et l’OM
3
Les joueurs passés par le PSG et l'OM
4
Players with Multiple 50 Home Run Seasons
5
2022 World Cup Stars
6
Criteria MLB: Left Handed Sluggers
7
NBA Logic Puzzle 2.0
8
MLB Players with Two .350 Batting Average Seasons
9
Top 10 NHL Goal Scorers of All Time
10
Les joueurs passés par le LOSC et le RC Lens
Explore More
Trending Topics
Anime
Marvel
Harry Potter
Disney
Kpop
NBA
Crossword
Song
WWE
NFL
Pokémon
Country
The Office
Puzzle
Soccer
hide this ad
More By:
br_tremblay
Quiz
Plays
Rating
Category
Featured
Created
100 RBI - New York Yankees
6,808
4.37
Sports
Aug 9, 2011
30 Home Runs (Last 10 By Team)
5,624
4.31
Sports
Nov 25, 2011
20+ Home Run Hitters - Boston
3,952
4.06
Sports
Aug 16, 2010
Last 300 30 Home Run Hitters
3,169
3.78
Sports
Jan 6, 2011
20+ Home Run Hitters - Chicago (A)
2,792
3.92
Sports
Sep 3, 2010
Go to Creator's Profile
Score Distribution
Quiz Creator Spotlight
br_tremblay
Follow
Send a Message
Quizzes Created
-
Created Quiz Play Count
-
More By This Creator
Popular Quizzes Today
1
Colored Red Africa Blitz
2
Find the 'City' Movie
3
Find the US States - No Outlines Minefield
4
5x2 Blitz: Bands
5
The Countries of the World
6
Find the US States
7
US States
8
Find the Countries of Europe - No Outlines Minefield
More Sports Quizzes
Quick Pick: J.A. Happ Teams by Logo
Quiz Lab
Trending Quizzes
Colored Red Europe Blitz I
Colored Red Africa Blitz II
Colored Red Europe Blitz II
Colored Red Europe Blitz III
Colored Red Africa Blitz III
Recently Updated
How Do You Spell That?
pecheneg
Godzilla Movies
pecheneg
Grab Bag: 4-10 Letters
pecheneg
2024 March Madness Bracket
pecheneg
Famous TV Couples
Peacemaker
Champions League XIs: Real Madrid
pecheneg
Largest US Cities 1790-2010
pecheneg
Rides in Walt Disney World
pecheneg
Most Oscar Losses (Acting)
pecheneg
Beyoncé Albums
pecheneg
Trending Topics
Kpop
NBA
Marvel
Anime
Harry Potter
Disney
Crossword
Pokémon
The Office
Soccer
Country
WWE
NFL
Puzzle
Song
Your Account Isn't Verified!
In order to create a playlist on Sporcle, you need to verify the email address you used during registration. Go to your
Sporcle Settings
to finish the process.
Report this User
Report this user for behavior that violates our
Community Guidelines
.
Details:
Send Report
Go to the Sporcle.com Mobile Site →
Comments